000 00919nam a2200265 a 4500
001 000001833
005 20200929145724.0
008 090629s2004 cu ad r 000 0 spa d
020 _a9592586462
040 _aDO-SdBNP
_bspa
_cBNPHU
082 _a571.1
_bF537a
245 0 0 _aFisiología animal aplicada /
_cCarlos Armando Álvarez Díaz ... [et al.].
260 _aLa Habana :
_bFélix Varela ,
_c2004.
300 _a393 p. :
_bil., gráf. ;
_c22 cm.
504 _aBibliografía: p.387-393
650 4 _aFisiología animal
_95967
650 4 _aAnatomía animal
_95968
700 1 _aÁlvarez Día, Carlos Armando
_95969
700 1 _aPérez Esteban, Héctor
_95970
700 1 _aCruz Martín Hernández,Tania Margarita de la
_95971
700 1 _aQuincosa Torres, Jorge
_95972
700 1 _aSánchez Puzo, Alexei
_95973
700 1 _aÁguila Muñiz, Mayra
_eed.
_95974
910 _aValidado. Control de calidad MMOLINA
999 _c1710
_d1710